000 00730nam a22001817a 4500
005 20120416120531.0
020 _c500.00
_a
035 _aB-193271
037 _b
_adpl
082 _a363.7
100 _aतेली, बी.एल.
_945137
245 1 _aपर्यावरण अध्ययन /
_cबी.एल.तेली
260 _aजयपुर
_bकॉलेज बुक डिपो
_c2006
270 _a
_b
_e
_k
300 _a235पृ.
_c22सेमी (सजिल्द)
942 _adpl
_cHN
_k
_2ddc
_h363.7
_mतेलीबी
999 _c65033
_d65033